Principle of Communications Systems, Modulation, and Noise / (Record no. 356168)

000 -LEADER
fixed length control field 00500nam a22001697a 4500
005 - DATE AND TIME OF LATEST TRANSACTION
control field 20211026151527.0
008 - FIXED-LENGTH DATA ELEMENTS--GENERAL INFORMATION
fixed length control field 180223b ||||| |||| 00| 0 eng d
020 ## - INTERNATIONAL STANDARD BOOK NUMBER
International Standard Book Number 9788126556793
040 ## - CATALOGING SOURCE
Transcribing agency c
082 ## - DEWEY DECIMAL CLASSIFICATION NUMBER
Classification number 621.3822 ZIE
100 ## - MAIN ENTRY--PERSONAL NAME
Personal name Ziemer, Rodger E.
9 (RLIN) 773
245 ## - TITLE STATEMENT
Title Principle of Communications Systems, Modulation, and Noise /
Statement of responsibility, etc. Rodger E. Ziemer and William H. Tranter
260 ## - PUBLICATION, DISTRIBUTION, ETC.
Place of publication, distribution, etc. New Delhi :
Name of publisher, distributor, etc. Wiley,
Date of publication, distribution, etc. 2015.
300 ## - PHYSICAL DESCRIPTION
Extent 734 p. ;
Dimensions 24 cm.
500 ## - GENERAL NOTE
General note Paperback.
942 ## - ADDED ENTRY ELEMENTS (KOHA)
Source of classification or shelving scheme
Koha item type Book
Holdings
Withdrawn status Lost status Source of classification or shelving scheme Damaged status Not for loan Permanent Location Current Location Shelving location Date acquired Full call number Barcode Date last seen Price effective from Koha item type
          School of Mechanical & Manufacturing Engineering (SMME) School of Mechanical & Manufacturing Engineering (SMME) General Stacks 02/23/2018 621.3822 ZIE SMME-3351 03/30/2018 02/23/2018 Book
© 2023 Central Library, National University of Sciences and Technology. All Rights Reserved.